000 00675nam a2200265Ia 4500
005 20260121171637.0
008 008 260114s9999 xx 000 0 eng d
020 _a9789811525803
037 _aEBOOK
040 _aCRL
040 _beng
040 _cCRL
041 _2eng
041 _aeng
084 _qCRL
100 _aYuto Ashida
_91078752
245 0 _aQuantum Many-Body Physics in Open Systems: Measurement and Strong Correlations
260 _bSpringer
260 _bSpringer
260 _c2020
856 _uhttps://link.springer.com/openurl?genre=book&isbn=978-981-15-2580-3
942 _cEBOOK
999 _c1644483
_d1644483